[Event "ODJM A 2017"]
[Site "Willingen GER"]
[Date "2017.06.07"]
[Round "6"]
[White "Tresch, Lukas"]
[Black "Troyke, Jannis"]
[Result "1-0"]
[Termination "normal"]
[Board "37"]
[WhiteElo "2043"]
[BlackElo "1896"]
[PlyCount "49"]
[WhiteFideId "12938866"]
[BlackFideId "12993115"]
[EventCountry "GER"]
[EventRounds "9"]
[EventType "swiss"]
[EventDate "2017.06.03"]

1. e4 c5 2. Nf3 d6 3. d4 cxd4 4. Nxd4 Nf6 5. Nc3 g6 6. Be3 Bg7 7. f3 O-O 8. Qd2
Nc6 9. g4 Bd7 10. h4 h5 11. g5 Ne8 12. O-O-O a6 13. Nd5 e6 14. Nc3 b5 15. Kb1
Ne5 16. f4 Nc4 17. Bxc4 bxc4 18. f5 e5 19. f6 exd4 20. fxg7 Nxg7 21. Bxd4 Bg4
22. Rdf1 Ne6 23. Nd5 Re8 24. Nf6+ Kf8 25. Nxe8 1-0

[Event "ODJM A 2017"]
[Site "Willingen GER"]
[Date "2017.06.07"]
[Round "6"]
[White "Thumm, Niklas"]
[Black "Kreutz, Jonas"]
[Result "0-1"]
[Termination "normal"]
[Board "38"]
[WhiteElo "1772"]
[BlackElo "1926"]
[PlyCount "60"]
[WhiteFideId "12918733"]
[BlackFideId "12970697"]
[EventCountry "GER"]
[EventRounds "9"]
[EventType "swiss"]
[EventDate "2017.06.03"]

1. e4 e6 2. d4 d5 3. Nd2 Nc6 4. c3 e5 5. Ngf3 exd4 6. Nxd4 Nxd4 7. cxd4 dxe4 8.
Nxe4 Bf5 9. Nc3 Nf6 10. Bc4 Be7 11. O-O O-O 12. b3 c6 13. Bb2 b5 14. Bd3 Be6
15. Rc1 Rc8 16. Ne4 Nxe4 17. Bxe4 Bd5 18. Re1 Bf6 19. Rc2 Bxe4 20. Rxe4 Qd5 21.
Re3 Rfd8 22. Rd3 c5 23. Qc1 Bg5 24. f4 Bf6 25. Rdd2 c4 26. bxc4 Rxc4 27. Rxc4
bxc4 28. Qd1 Rb8 29. Kf2 Rxb2 30. Rxb2 Qxd4+ 0-1

[Event "ODJM A 2017"]
[Site "Willingen GER"]
[Date "2017.06.07"]
[Round "6"]
[White "Wiesner, Alexander"]
[Black "Noever, Niklas"]
[Result "1-0"]
[Termination "normal"]
[Board "39"]
[WhiteElo "1917"]
[BlackElo "1628"]
[PlyCount "105"]
[WhiteFideId "12943991"]
[BlackFideId "12988642"]
[EventCountry "GER"]
[EventRounds "9"]
[EventType "swiss"]
[EventDate "2017.06.03"]

1. e4 c5 2. Nf3 Nc6 3. d4 cxd4 4. Nxd4 g6 5. c4 Nf6 6. Nc3 d6 7. Be2 Nxd4 8.
Qxd4 Bg7 9. Be3 O-O 10. Qd2 Be6 11. O-O a5 12. f3 a4 13. Rac1 Qa5 14. Rc2 Rfc8
15. b3 axb3 16. axb3 Nd7 17. Rfc1 Nc5 18. Nd5 Qxd2 19. Bxd2 Bxd5 20. cxd5 Rd8
21. Rb1 Ra3 22. b4 Rb3 23. Rbc1 Nd7 24. Bb5 Bd4+ 25. Kf1 Kg7 26. Rc7 Ne5 27.
Rxb7 Nd3 28. Bxd3 Rxd3 29. Ke2 Rb3 30. Rxe7 Bf6 31. Ra7 Bd4 32. Ra2 Rb8 33. Kd1
Be3 34. Bxe3 Rxe3 35. Rb2 Rd3+ 36. Ke2 Ra3 37. b5 Ra7 38. b6 Rab7 39. Rc6 Kf6
40. Rxd6+ Ke7 41. Rc6 Kd7 42. Kd3 h5 43. Kc4 Kd8 44. Kb5 Kd7 45. Ra2 Kd8 46.
Ra6 Kd7 47. Kc5 Re8 48. Ra7 Reb8 49. Rc7+ Rxc7+ 50. Rxc7+ Ke8 51. b7 Kd8 52.
Kd6 f6 53. Rh7 1-0

[Event "ODJM A 2017"]
[Site "Willingen GER"]
[Date "2017.06.07"]
[Round "6"]
[White "Teschler, Ansgar"]
[Black "Schlick, Stefan"]
[Result "1/2-1/2"]
[Termination "normal"]
[Board "41"]
[WhiteElo "1791"]
[BlackElo "2012"]
[PlyCount "44"]
[WhiteFideId "16231139"]
[BlackFideId "16211332"]
[EventCountry "GER"]
[EventRounds "9"]
[EventType "swiss"]
[EventDate "2017.06.03"]

1. d4 Nf6 2. c4 e5 3. dxe5 Ng4 4. Bf4 g5 5. Bg3 Bg7 6. Nf3 Nc6 7. Nc3 Ngxe5 8.
Nxe5 Nxe5 9. e3 d6 10. h4 Be6 11. Qb3 g4 12. Be2 h5 13. O-O Ng6 14. Nd5 b6 15.
Rfd1 Bxd5 16. cxd5 Nxh4 17. Qa4+ Kf8 18. Rac1 Nf5 19. Bf4 a5 20. Rc2 Ra7 21.
Rdc1 Bh6 22. Bd3 Ne7 1/2-1/2

[Event "ODJM A 2017"]
[Site "Willingen GER"]
[Date "2017.06.07"]
[Round "6"]
[White "Brunner, Tobias"]
[Black "Grund, Sebastian"]
[Result "0-1"]
[Termination "normal"]
[Board "42"]
[WhiteElo "1841"]
[BlackElo "1840"]
[PlyCount "60"]
[WhiteFideId "12949833"]
[BlackFideId "12988626"]
[EventCountry "GER"]
[EventRounds "9"]
[EventType "swiss"]
[EventDate "2017.06.03"]

1. e4 c5 2. Bc4 Nc6 3. Nc3 g6 4. f4 Bg7 5. Nf3 e6 6. d3 Nge7 7. Qe2 O-O 8. O-O
d5 9. Bb3 Nd4 10. Nxd4 cxd4 11. Nd1 dxe4 12. dxe4 b6 13. Nf2 Bb7 14. Nh3 Qc7
15. Ng5 Qc5 16. Kh1 h6 17. Nh3 a5 18. Bc4 Bxe4 19. Qxe4 Qxc4 20. Bd2 Rac8 21.
Rfc1 Nd5 22. Nf2 Ne3 23. Bxe3 dxe3 24. Qxc4 Rxc4 25. Nd3 Rfc8 26. c3 Rd8 27.
Rd1 e2 28. Rd2 Rxf4 29. Kg1 Rf5 30. c4 b5 0-1

[Event "ODJM A 2017"]
[Site "Willingen GER"]
[Date "2017.06.07"]
[Round "6"]
[White "Bilecen, Simon"]
[Black "Thumm, Felix"]
[Result "1/2-1/2"]
[Termination "normal"]
[Board "43"]
[WhiteElo "1557"]
[BlackElo "1879"]
[PlyCount "53"]
[WhiteFideId "16225511"]
[BlackFideId "12902209"]
[EventCountry "GER"]
[EventRounds "9"]
[EventType "swiss"]
[EventDate "2017.06.03"]

1. e4 c5 2. Nf3 e6 3. d4 cxd4 4. Nxd4 a6 5. Nc3 Qc7 6. a3 Nf6 7. Be3 Nc6 8. Be2
b5 9. Nxc6 dxc6 10. O-O Bb7 11. Bf3 Bd6 12. g3 O-O 13. Qe2 c5 14. Bg2 b4 15.
Na4 a5 16. e5 Bxg2 17. Kxg2 Bxe5 18. Bxc5 Bxb2 19. Bxf8 Bxa1 20. Bxg7 Kxg7 21.
Rxa1 Qc6+ 22. Qf3 Nd5 23. Nb2 Qxc2 24. Nd3 Rd8 25. Ne5 Nf6 26. axb4 axb4 27.
Ra7 1/2-1/2

[Event "ODJM A 2017"]
[Site "Willingen GER"]
[Date "2017.06.07"]
[Round "6"]
[White "Erofeev, Anastasia"]
[Black "Ziegenfuß, Larissa"]
[Result "1-0"]
[Termination "normal"]
[Board "44"]
[WhiteElo "1970"]
[BlackElo "1685"]
[PlyCount "87"]
[WhiteFideId "12917915"]
[BlackFideId "12974722"]
[EventCountry "GER"]
[EventRounds "9"]
[EventType "swiss"]
[EventDate "2017.06.03"]

1. d4 Nf6 2. c4 e6 3. Nf3 b6 4. g3 Bb7 5. Bg2 Be7 6. O-O O-O 7. Nc3 d6 8. Re1
c5 9. d5 exd5 10. cxd5 Nbd7 11. e4 Qc7 12. Bf4 Nh5 13. Be3 a6 14. a4 Nhf6 15.
b3 Rfe8 16. Nd2 Ne5 17. f4 Nd3 18. Rf1 Bf8 19. Nc4 Nb4 20. Kh1 Nd7 21. Qd2 g6
22. Rae1 Bg7 23. Re2 Rab8 24. Ref2 f6 25. f5 g5 26. Bf3 Ne5 27. Nxe5 Rxe5 28.
Rc1 Qf7 29. Nb1 Qe8 30. Re1 b5 31. axb5 axb5 32. Nc3 Ra8 33. Rff1 Rc8 34. Bf2
Ba6 35. Be2 Re7 36. Ra1 Rb8 37. Ra5 Kf8 38. Rfa1 Qc8 39. Bxb5 Bxb5 40. Rxb5
Rxb5 41. Nxb5 Qd7 42. Qe2 Nxd5 43. Ra8+ Kf7 44. Qh5# 1-0

[Event "ODJM A 2017"]
[Site "Willingen GER"]
[Date "2017.06.07"]
[Round "6"]
[White "Grunert, Wilhelm"]
[Black "Pölt, Christoph"]
[Result "1/2-1/2"]
[Termination "normal"]
[Board "45"]
[WhiteElo "1584"]
[BlackElo "1905"]
[PlyCount "55"]
[WhiteFideId "12995673"]
[BlackFideId "12960853"]
[EventCountry "GER"]
[EventRounds "9"]
[EventType "swiss"]
[EventDate "2017.06.03"]

1. e4 c5 2. Nf3 d6 3. d4 cxd4 4. Nxd4 Nf6 5. Nc3 g6 6. Be3 Bg7 7. f3 O-O 8. Qd2
Nc6 9. O-O-O d5 10. Kb1 e6 11. h4 Re8 12. Bb5 Bd7 13. Bh6 Nxd4 14. Bxd7 Nxf3
15. gxf3 Qxd7 16. Bxg7 Kxg7 17. h5 Re7 18. e5 Ne8 19. hxg6 fxg6 20. Qh6+ Kg8
21. Rdg1 Rg7 22. Ne2 Qf7 23. f4 Rc8 24. Nd4 Rc7 25. Qh3 Re7 26. Qg4 a6 27. Rh6
Nc7 28. a4 1/2-1/2

[Event "ODJM A 2017"]
[Site "Willingen GER"]
[Date "2017.06.07"]
[Round "6"]
[White "Schilay, Lorenz"]
[Black "Ebeling, Leander"]
[Result "1-0"]
[Termination "normal"]
[Board "47"]
[WhiteElo "1875"]
[BlackElo "1630"]
[PlyCount "85"]
[WhiteFideId "12930180"]
[BlackFideId "16223179"]
[EventCountry "GER"]
[EventRounds "9"]
[EventType "swiss"]
[EventDate "2017.06.03"]

1. e4 c6 2. Nf3 d5 3. exd5 cxd5 4. Ne5 Nf6 5. d4 Nc6 6. Bb5 Bd7 7. Nxd7 Qxd7 8.
c3 e6 9. Nd2 Bd6 10. O-O O-O 11. Nf3 Qc7 12. Qe2 Ne4 13. c4 f5 14. c5 Bxh2+ 15.
Nxh2 Nxd4 16. Qd3 Qxc5 17. Be3 Qxb5 18. Qxd4 f4 19. Bd2 Qe2 20. Bc3 Rf6 21. f3
Ng3 22. Ng4 Rg6 23. Rf2 Qb5 24. Re1 Rf8 25. Rxe6 Rg5 26. Re7 Nh5 27. Nh6+ Kh8
28. Nf7+ Rxf7 29. Rxf7 Qe8 30. Rxb7 h6 31. Qxa7 Qg6 32. Re7 Qb1+ 33. Re1 Qg6
34. Qd4 Rg3 35. Qxd5 Rg5 36. Qa8+ Kh7 37. Qe4 Rf5 38. Qc2 Ng3 39. Re7 Rh5 40.
Rxg7+ Kh8 41. Rxg6+ Kh7 42. Rg7+ Kh8 43. Qh7# 1-0

[Event "ODJM A 2017"]
[Site "Willingen GER"]
[Date "2017.06.07"]
[Round "6"]
[White "Meyer, Nico"]
[Black "Diegel, Jonas"]
[Result "0-1"]
[Termination "normal"]
[Board "48"]
[WhiteElo "1552"]
[BlackElo "1554"]
[PlyCount "82"]
[WhiteFideId "12975257"]
[BlackFideId "16206061"]
[EventCountry "GER"]
[EventRounds "9"]
[EventType "swiss"]
[EventDate "2017.06.03"]

1. e4 e6 2. d4 d5 3. exd5 exd5 4. Nf3 Bg4 5. c4 Nf6 6. Nc3 Be7 7. Bd3 Nc6 8.
Be3 O-O 9. a3 Re8 10. O-O a6 11. c5 Qd7 12. b4 Bf8 13. h3 Bh5 14. Be2 Rad8 15.
Re1 Ne4 16. Qc2 f5 17. Rad1 g6 18. Nh2 Bxe2 19. Nxe2 Bg7 20. Rd3 Re7 21. Nc3
Rde8 22. Nf3 h6 23. Qb3 Nxc3 24. Qxc3 g5 25. Bd2 Rxe1+ 26. Nxe1 Re4 27. Be3 f4
28. Bd2 Nxd4 29. Rxd4 Bxd4 30. Qd3 Qe6 31. Nc2 Bg7 32. f3 Re5 33. Bc3 Qf5 34.
Qd2 Re7 35. Nd4 Qe5 36. Nc6 Qe3+ 37. Qxe3 Rxe3 38. Bd2 bxc6 39. Bxe3 fxe3 40.
Kf1 d4 41. Ke2 Kf7 0-1

[Event "ODJM A 2017"]
[Site "Willingen GER"]
[Date "2017.06.07"]
[Round "6"]
[White "Hoppe, Nico"]
[Black "Kruglikova, Viktorija"]
[Result "0-1"]
[Termination "normal"]
[Board "49"]
[WhiteElo "1583"]
[BlackElo "1788"]
[PlyCount "40"]
[WhiteFideId "16225520"]
[BlackFideId "34120596"]
[EventCountry "GER"]
[EventRounds "9"]
[EventType "swiss"]
[EventDate "2017.06.03"]

1. e4 c5 2. d4 d5 3. Nc3 dxe4 4. Nxe4 Bf5 5. Ng3 Bg6 6. Nf3 Nd7 7. h4 h6 8. h5
Bh7 9. Bd3 Bxd3 10. Qxd3 e6 11. O-O Ngf6 12. c4 Bd6 13. Re1 Bxg3 14. fxg3 O-O
15. Ne5 Nxh5 16. Ng4 Re8 17. Bxh6 gxh6 18. Nxh6+ Kg7 19. g4 Nf4 20. Qf3 Qg5 0-1

[Event "ODJM A 2017"]
[Site "Willingen GER"]
[Date "2017.06.07"]
[Round "6"]
[White "von Freymann, Franz"]
[Black "Meyer, Henrik"]
[Result "0-1"]
[Termination "normal"]
[Board "50"]
[WhiteElo "1643"]
[BlackElo "2125"]
[PlyCount "64"]
[WhiteFideId "12994014"]
[BlackFideId "12958182"]
[EventCountry "GER"]
[EventRounds "9"]
[EventType "swiss"]
[EventDate "2017.06.03"]

1. d4 e5 2. d5 Nf6 3. Bg5 Bc5 4. e3 d6 5. Be2 h6 6. Bxf6 Qxf6 7. Nd2 Bf5 8.
Bb5+ c6 9. dxc6 bxc6 10. Ba4 O-O 11. Nb3 Bb6 12. Ne2 Qg6 13. Ng3 Bxc2 14. Qd2
h5 15. h4 Be4 16. Rh2 Bd5 17. Nc1 Nd7 18. Nce2 f5 19. Bc2 Be4 20. O-O-O d5 21.
Bb3 Nc5 22. Bc2 Ba5 23. Nc3 d4 24. exd4 exd4 25. Qxd4 Bxc2 26. Qxc5 Bxd1 27.
Qxa5 f4 28. Nge4 f3 29. g3 Be2 30. Qc5 Rfe8 31. Ng5 Rad8 32. Qxa7 Bd1 0-1

[Event "ODJM A 2017"]
[Site "Willingen GER"]
[Date "2017.06.07"]
[Round "6"]
[White "Niemann, Leon"]
[Black "Göttel, Tobias"]
[Result "0-1"]
[Termination "normal"]
[Board "51"]
[WhiteElo "1567"]
[BlackElo "1976"]
[PlyCount "104"]
[WhiteFideId "16218388"]
[BlackFideId "24693316"]
[EventCountry "GER"]
[EventRounds "9"]
[EventType "swiss"]
[EventDate "2017.06.03"]

1. Nf3 c5 2. g3 d5 3. Bg2 Nc6 4. O-O e6 5. d3 Nf6 6. Nbd2 Be7 7. e4 d4 8. Ne1
e5 9. f4 b5 10. f5 a5 11. g4 Nd7 12. Ndf3 c4 13. g5 f6 14. h4 Nc5 15. Kf2 Ba6
16. Rg1 Qb6 17. h5 O-O-O 18. Bf1 Rdg8 19. Nh4 Kb7 20. Qf3 cxd3 21. cxd3 b4 22.
Rg4 b3 23. a3 Na4 24. Nhg2 Na7 25. Qg3 Nb5 26. gxf6 Bxf6 27. h6 Qc7 28. Bg5 Qf7
29. Bxf6 gxf6 30. Rb1 Rxg4 31. Qxg4 Rg8 32. Qh4 Rg5 33. Be2 Qg8 34. Qh3 Nac3
35. Ra1 Nxe2 36. Kxe2 Rg3 37. Qh4 Qg5 38. Qxg5 Rxg5 39. Kf2 Rh5 40. Nf3 Nd6 41.
Rd1 Bxd3 42. Rxd3 Nxe4+ 43. Ke2 Nc5 44. Rd1 Rxf5 45. Nxd4 exd4 46. Rxd4 Rh5 47.
Rh4 Rxh4 48. Nxh4 Kc6 49. Ke3 Kd7 50. Kf4 Nd3+ 51. Kf5 Nxb2 52. Nf3 Nc4 0-1

[Event "ODJM A 2017"]
[Site "Willingen GER"]
[Date "2017.06.07"]
[Round "6"]
[White "Elier, Ali"]
[Black "Brockmeyer, Tobias"]
[Result "1-0"]
[Termination "normal"]
[Board "52"]
[WhiteElo "1931"]
[BlackElo "1586"]
[PlyCount "109"]
[WhiteFideId "16217543"]
[BlackFideId "12982385"]
[EventCountry "GER"]
[EventRounds "9"]
[EventType "swiss"]
[EventDate "2017.06.03"]

1. e4 c5 2. d4 cxd4 3. c3 Nf6 4. e5 Nd5 5. Nf3 e6 6. cxd4 d6 7. Bc4 Be7 8. O-O
O-O 9. Qe2 b6 10. Bxd5 exd5 11. Nc3 Ba6 12. Nb5 Qd7 13. a4 Nc6 14. Rd1 Rac8 15.
Bf4 dxe5 16. dxe5 Nb4 17. Nfd4 Rfe8 18. Qd2 Bc5 19. Rac1 Na2 20. Rc2 Nb4 21.
Rc3 Bxb5 22. Nxb5 a6 23. Rxc5 bxc5 24. Nd6 Qxa4 25. Nxe8 Rxe8 26. Rc1 Qb5 27.
Be3 c4 28. Bd4 Nd3 29. Ra1 Rb8 30. Qg5 Qd7 31. Rxa6 h6 32. Qg3 Rb3 33. Qxg7+
Kxg7 34. e6+ Kf8 35. exd7 Ke7 36. Rd6 Rb8 37. Rxd5 Rd8 38. Bb6 Rxd7 39. Rxd7+
Kxd7 40. Bd4 Kc6 41. Kf1 Kb5 42. g4 Kb4 43. h4 Kb3 44. g5 h5 45. Ke2 Nxb2 46.
f4 c3 47. f5 Nc4 48. Bxc3 Nd6 49. g6 fxg6 50. fxg6 Nf5 51. Kd3 Ne7 52. g7 Ng8
53. Bd2 Nf6 54. Bg5 Ng8 55. Kd4 1-0

[Event "ODJM A 2017"]
[Site "Willingen GER"]
[Date "2017.06.07"]
[Round "6"]
[White "Pahl, Theis"]
[Black "Roth, Jakob"]
[Result "1-0"]
[Termination "normal"]
[Board "53"]
[WhiteElo "1664"]
[BlackElo "1847"]
[PlyCount "63"]
[WhiteFideId "16201264"]
[BlackFideId "12952605"]
[EventCountry "GER"]
[EventRounds "9"]
[EventType "swiss"]
[EventDate "2017.06.03"]

1. e4 e6 2. d4 d5 3. Nc3 Nf6 4. e5 Nfd7 5. f4 c5 6. Nf3 a6 7. Be3 Nc6 8. Qd2 b5
9. Nd1 Qc7 10. Be2 cxd4 11. Nxd4 Bc5 12. c3 Bb7 13. O-O Rc8 14. Nf2 Na5 15. b4
Bxd4 16. Bxd4 Nc4 17. Qc2 Ndb6 18. Nd3 Na4 19. Nc5 Nxc5 20. Bxc5 Qd8 21. Qd3
Qh4 22. Rae1 g5 23. f5 Nxe5 24. Qe3 f6 25. fxe6 h5 26. Rxf6 Qxe1+ 27. Rf1 Qh4
28. Qxe5 Rxc5 29. Qxh8+ Ke7 30. Qf8+ Kxe6 31. Qf7+ Ke5 32. Qf6+ 1-0

[Event "ODJM A 2017"]
[Site "Willingen GER"]
[Date "2017.06.07"]
[Round "6"]
[White "Nasoyan, Maksim"]
[Black "Conte, Adrian"]
[Result "0-1"]
[Termination "normal"]
[Board "54"]
[WhiteElo "1917"]
[BlackElo "1698"]
[PlyCount "90"]
[WhiteFideId "16220331"]
[BlackFideId "12925993"]
[EventCountry "GER"]
[EventRounds "9"]
[EventType "swiss"]
[EventDate "2017.06.03"]

1. Nf3 c5 2. g3 Nc6 3. Bg2 Nf6 4. O-O d5 5. c4 e5 6. d3 Be7 7. Bg5 Be6 8. Nfd2
Rc8 9. Nc3 d4 10. Bxf6 Bxf6 11. Nd5 Bg5 12. Ne4 Be7 13. a3 f5 14. Nd2 O-O 15.
b4 cxb4 16. axb4 a6 17. Nxe7+ Qxe7 18. b5 axb5 19. cxb5 Nb4 20. Ra7 Bd5 21. Nc4
Bxg2 22. Kxg2 Qc5 23. Qa4 b6 24. Nxe5 Qxe5 25. Qxb4 Qd5+ 26. Kg1 Rc5 27. Rb1
Re8 28. Qd2 Rxb5 29. Rxb5 Qxb5 30. Qa2+ Kh8 31. Qf7 Rg8 32. Re7 Qc5 33. Rc7 Qe5
34. Re7 Qc5 35. f3 h6 36. Kg2 b5 37. Kh3 b4 38. f4 Kh7 39. Rc7 Qa5 40. Rb7 Kh8
41. Qe7 Qa1 42. Kg2 Qa8 43. Kh3 Qa1 44. Qe5 Qf1+ 45. Kh4 Qh1 0-1

[Event "ODJM A 2017"]
[Site "Willingen GER"]
[Date "2017.06.07"]
[Round "6"]
[White "Doll, Alexander"]
[Black "Verhufen, Hendrik"]
[Result "1/2-1/2"]
[Termination "normal"]
[Board "55"]
[WhiteElo "1784"]
[BlackElo "1408"]
[PlyCount "102"]
[WhiteFideId "16228294"]
[BlackFideId "12975818"]
[EventCountry "GER"]
[EventRounds "9"]
[EventType "swiss"]
[EventDate "2017.06.03"]

1. e4 e5 2. Nf3 Nc6 3. Bc4 Be7 4. O-O Nf6 5. Re1 d6 6. a4 a6 7. c3 O-O 8. d3
Bg4 9. Nbd2 Na5 10. Ba2 b5 11. h3 Bh5 12. Nf1 Nb7 13. Ng3 Nc5 14. a5 Bg6 15.
Nh4 Kh8 16. Ngf5 c6 17. g4 Nfd7 18. Nxe7 Qxe7 19. Nf5 Bxf5 20. gxf5 Qh4 21. Qf3
Nf6 22. Kg2 Ra7 23. Be3 Rd7 24. Rad1 Nh5 25. Rg1 g6 26. Kh2 Qd8 27. Bg5 Qxa5
28. Qxh5 f6 29. Qh6 Rg7 30. Bb1 fxg5 31. b4 Qa3 32. bxc5 Qxc5 33. Qxg5 Qxf2+
34. Rg2 Qf4+ 35. Qxf4 exf4 36. Rdg1 f3 37. Rf2 gxf5 38. Rxf3 Rxg1 39. Kxg1 Rg8+
40. Kf2 fxe4 41. dxe4 Kg7 42. Ke3 Rf8 43. Rxf8 Kxf8 44. Kd4 Ke7 45. e5 h6 46.
Bc2 a5 47. Ke4 Ke6 48. exd6 Kxd6 49. Bb3 c5 50. h4 c4 51. Bd1 Ke6 1/2-1/2

[Event "ODJM A 2017"]
[Site "Willingen GER"]
[Date "2017.06.07"]
[Round "6"]
[White "Knüdel, Torben"]
[Black "Adelmeyer, Matti"]
[Result "0-1"]
[Termination "normal"]
[Board "56"]
[WhiteElo "1845"]
[BlackElo "1677"]
[PlyCount "96"]
[WhiteFideId "16208820"]
[BlackFideId "12962520"]
[EventCountry "GER"]
[EventRounds "9"]
[EventType "swiss"]
[EventDate "2017.06.03"]

1. e4 e5 2. Nf3 Nc6 3. Bb5 a6 4. Ba4 d6 5. O-O Nf6 6. Re1 Be7 7. c3 b5 8. Bb3
Bg4 9. h3 Bh5 10. d3 O-O 11. a4 Qd7 12. Nbd2 b4 13. Nf1 Rab8 14. Ba2 bxc3 15.
bxc3 Na5 16. Ng3 Bxf3 17. Qxf3 Nb3 18. Rb1 Nxc1 19. Rexc1 Rxb1 20. Rxb1 Qxa4
21. Bb3 Qd7 22. Nf5 g6 23. Ne3 c6 24. Bc4 a5 25. g4 Qa7 26. h4 Kg7 27. Kh2 a4
28. h5 a3 29. Qg3 h6 30. Rg1 Kh7 31. Ba2 Qa5 32. hxg6+ fxg6 33. Nf5 Bd8 34. Qh3
gxf5 35. g5 Ng8 36. Bxg8+ Kxg8 37. gxh6+ Kh8 38. Qh5 Bf6 39. Rg6 Qd8 40. h7 Qe7
41. exf5 a2 42. Qd1 Qxh7+ 43. Kg2 Rg8 44. Rxg8+ Qxg8+ 45. Kf1 Qh7 46. Kg2 Qxf5
47. Qa4 Qg5+ 48. Kh3 Qh4+ 0-1

[Event "ODJM A 2017"]
[Site "Willingen GER"]
[Date "2017.06.07"]
[Round "6"]
[White "Rohde, Niclas"]
[Black "Bethke, Robert"]
[Result "1/2-1/2"]
[Termination "normal"]
[Board "57"]
[WhiteElo "1587"]
[BlackElo "1864"]
[PlyCount "98"]
[WhiteFideId "16230205"]
[BlackFideId "12959251"]
[EventCountry "GER"]
[EventRounds "9"]
[EventType "swiss"]
[EventDate "2017.06.03"]

1. e4 c5 2. f4 d6 3. Nf3 Nc6 4. Nc3 g6 5. g3 Bg7 6. Bg2 Nf6 7. O-O O-O 8. d3
Rb8 9. h3 b5 10. g4 b4 11. Ne2 Bb7 12. Kh1 Nd7 13. f5 Nde5 14. Nf4 Nxf3 15.
Bxf3 Nd4 16. Bg2 Qd7 17. h4 a5 18. h5 g5 19. Ne2 h6 20. Nxd4 Bxd4 21. Rb1 Kh7
22. b3 f6 23. Bb2 Bxb2 24. Rxb2 a4 25. Qe2 axb3 26. axb3 Ra8 27. Rbb1 Ra2 28.
Rfc1 Re8 29. Qe1 Bc6 30. Qd2 Qb7 31. Re1 Ra5 32. Qc1 Ra7 33. Kg1 Qb6 34. Kh2
Qc7 35. Kg1 Rd8 36. Qe3 Qb6 37. Kh2 Kg7 38. Bf3 d5 39. exd5 Bxd5 40. Bxd5 Rxd5
41. Qf3 Qd6+ 42. Kg1 Rd4 43. Re4 Rxe4 44. Qxe4 Qg3+ 45. Qg2 Qxg2+ 46. Kxg2 Ra2
47. Rc1 Kf7 48. Kf3 e6 49. fxe6+ Kxe6 1/2-1/2

[Event "ODJM A 2017"]
[Site "Willingen GER"]
[Date "2017.06.07"]
[Round "6"]
[White "Faulhaber, Tobias"]
[Black "Meijerink, Inken"]
[Result "1-0"]
[Termination "normal"]
[Board "58"]
[WhiteElo "1850"]
[BlackElo "1532"]
[PlyCount "109"]
[WhiteFideId "1271914"]
[BlackFideId "16225465"]
[EventCountry "GER"]
[EventRounds "9"]
[EventType "swiss"]
[EventDate "2017.06.03"]

1. e4 c5 2. Nf3 Nc6 3. d4 cxd4 4. Nxd4 e5 5. Nb5 a6 6. Nd6+ Bxd6 7. Qxd6 Qe7 8.
Qd1 Nf6 9. Nc3 d6 10. Bg5 Be6 11. Nd5 Bxd5 12. exd5 Nb8 13. a4 O-O 14. a5 Nbd7
15. Be2 h6 16. Be3 Rac8 17. O-O Nc5 18. c4 Qc7 19. Ra3 Rfe8 20. Qc1 Kf8 21. b4
Ncd7 22. Rd1 Qd8 23. c5 Qc7 24. c6 bxc6 25. Bxa6 Ra8 26. Qxc6 Nxd5 27. Qxc7
Nxc7 28. Bb7 Rab8 29. a6 d5 30. Ba7 Rbd8 31. Bc6 Re6 32. b5 Nb8 33. Bxb8 Rxb8
34. a7 Rd8 35. a8=Q Nxa8 36. Rxa8 Rxa8 37. Bxa8 Rb6 38. Rxd5 f6 39. Kf1 Ke7 40.
Bc6 Ke6 41. Rd7 g6 42. Rb7 Rxb7 43. Bxb7 Kd6 44. Bc6 Kc5 45. Ke2 f5 46. Ke3 h5
47. f3 g5 48. g4 hxg4 49. fxg4 f4+ 50. Kf3 Kd6 51. Ke4 Kc5 52. Kxe5 Kb6 53. Kf5
f3 54. Bxf3 Kxb5 55. Kxg5 1-0

[Event "ODJM A 2017"]
[Site "Willingen GER"]
[Date "2017.06.07"]
[Round "6"]
[White "Kracht, Raphael"]
[Black "Kistner, Sinan"]
[Result "1-0"]
[Termination "normal"]
[Board "60"]
[WhiteElo "1682"]
[BlackElo "1560"]
[PlyCount "65"]
[WhiteFideId "16214382"]
[BlackFideId "16219643"]
[EventCountry "GER"]
[EventRounds "9"]
[EventType "swiss"]
[EventDate "2017.06.03"]

1. e4 c6 2. d4 d5 3. e5 Bf5 4. Nf3 e6 5. Be2 c5 6. Be3 cxd4 7. Nxd4 Ne7 8. O-O
Nbc6 9. Bb5 a6 10. Bxc6+ Nxc6 11. Nxf5 exf5 12. c3 Nxe5 13. Re1 Be7 14. Bd4 Nc6
15. Bxg7 Rg8 16. Bf6 Kf8 17. Bxe7+ Nxe7 18. Qh5 Ng6 19. Nd2 Rg7 20. g3 f4 21.
Nf3 fxg3 22. hxg3 Qb6 23. Nd4 Nf4 24. Qh4 Ne6 25. Nf5 Rg6 26. Qxh7 Ng5 27. Qh8+
Rg8 28. Qh5 Ne4 29. Qf3 Ng5 30. Qe3 Qxe3 31. Rxe3 Ne4 32. Rd1 Rd8 33. Rxe4 1-0

[Event "ODJM A 2017"]
[Site "Willingen GER"]
[Date "2017.06.07"]
[Round "6"]
[White "Helmer, Jan"]
[Black "Graf, Maria"]
[Result "1-0"]
[Termination "normal"]
[Board "61"]
[WhiteElo "1849"]
[BlackElo "1546"]
[PlyCount "59"]
[WhiteFideId "12956686"]
[BlackFideId "12917702"]
[EventCountry "GER"]
[EventRounds "9"]
[EventType "swiss"]
[EventDate "2017.06.03"]

1. d4 d5 2. Nf3 Nf6 3. c4 e6 4. Nc3 Nbd7 5. Bg5 Be7 6. e3 O-O 7. cxd5 exd5 8.
Bd3 c6 9. O-O Re8 10. Qc2 Nf8 11. Rab1 Be6 12. b4 b6 13. Ne5 Rc8 14. Rfc1 Qc7
15. Ba6 Ra8 16. Nb5 Qd8 17. Nxc6 Qd7 18. Ne5 Bf5 19. Nxd7 Bxc2 20. Nxf6+ Bxf6
21. Rxc2 Bxg5 22. Nc7 Red8 23. Nxa8 Rxa8 24. Rc8 Rxc8 25. Bxc8 Ne6 26. Bxe6
fxe6 27. Rc1 a5 28. bxa5 bxa5 29. Rc5 a4 30. Ra5 1-0

[Event "ODJM A 2017"]
[Site "Willingen GER"]
[Date "2017.06.07"]
[Round "6"]
[White "Schumann, Oliver"]
[Black "von Pückler, Konstantin"]
[Result "1-0"]
[Termination "normal"]
[Board "63"]
[WhiteElo "1875"]
[BlackElo "1525"]
[PlyCount "77"]
[WhiteFideId "1270397"]
[BlackFideId "16205847"]
[EventCountry "GER"]
[EventRounds "9"]
[EventType "swiss"]
[EventDate "2017.06.03"]

1. e4 c5 2. Nf3 Nc6 3. d4 cxd4 4. Nxd4 Nf6 5. Nc3 e5 6. Ndb5 d6 7. Nd5 Nxd5 8.
exd5 Nb8 9. c4 Be7 10. Bd3 O-O 11. O-O Nd7 12. f4 Nc5 13. fxe5 dxe5 14. Bc2 a6
15. Nc3 Qb6 16. Kh1 f5 17. a3 g6 18. b4 Nd7 19. Bh6 Re8 20. c5 Qd8 21. d6 Bg5
22. Bxg5 Qxg5 23. Nd5 Nf6 24. Nc7 Be6 25. Nxe6 Rxe6 26. Bb3 Kf7 27. Bxe6+ Kxe6
28. Qb3+ Kd7 29. Qf7+ Kc6 30. Qc7+ Kd5 31. Qxb7+ Kd4 32. Rad1+ Kc4 33. Qxa8 Ng4
34. Qxa6+ Kb3 35. Rb1+ Kc3 36. Rfc1+ Kd4 37. Qc4+ Ke3 38. Re1+ Kf2 39. Qe2# 1-0